Scrabbled Countries - Statistics

General Stats
  • This quiz has been taken 36 times
  • The average score is 10 of 31
Answer Stats
Answer % Correct
UNITED STATES
83%
UNITED KINGDOM
80%
CANADA
73%
CHINA
73%
JAPAN
67%
RUSSIA
63%
BRAZIL
57%
INDIA
57%
GREECE
50%
CHILE
47%
SPAIN
47%
TURKEY
43%
CHAD
40%
JORDAN
30%
NIGER
30%
PANAMA
30%
MALI
27%
CYPRUS
20%
MOROCCO
17%
PHILIPPINES
17%
GUINEA
13%
BOLIVIA
10%
TONGA
10%
ANGOLA
7%
DEMOCRATIC REPUBLIC OF CONGO
7%
EQUATORIAL GUINEA
7%
GAMBIA
7%
IVORY COAST
7%
MARSHALL ISLANDS
7%
SIERRA LEONE
3%
REPUBLIC OF CONGO
0%
No matching quizzes found
Score Distribution
Percent of People with Each Score
Percentile by Number Answered
Your Score History
You have not taken this quiz